000 00334 a2200145 4500
001 165153
020 _a
040 _cMagnum
100 _aLins, Daniel Et Al.
240 1 0 _aCultura e subjetividade: saberes nomades
_lpor
245 1 0 _aCultura e subjetividade: saberes nomades
362 0 _a1899
697 _aGERAL
942 _cBK
999 _c165153
_d165153